000
00283nam a2200121Ia 4500
008
190216s9999||||xx |||||||||||||| ||und||
100
_a
Sankara Kurup G
245
0
_a
Anthardaham
260
_b
National Book Stall
_c
1963
300
_a
73p
650
_a
Malayalam Kavitha
942
_c
BK
999
_c
26759
_d
26759